Fluid mechanics
In the revision of this very successful text, many changes have been made in scope, organization, and required prerequisite skills. The authors have increased the scope of the book to include heat and mass transport. BASIC programs have been removed and complex problem solutions are now presented in...
Shranjeno v:
| Glavni avtor: | |
|---|---|
| Format: | Knjiga |
| Jezik: | Undetermined |
| Izdano: |
Boston
WCB/McGraw Hill
1998
|
| Teme: | |
| Oznake: |
Označite
Brez oznak, prvi označite!
|
| Thư viện lưu trữ: | Trung tâm Học liệu Trường Đại học Cần Thơ |
|---|
| LEADER | 01124nam a2200229Ia 4500 | ||
|---|---|---|---|
| 001 | CTU_158177 | ||
| 008 | 210402s9999 xx 000 0 und d | ||
| 082 | |a 620.106 | ||
| 082 | |b S915 | ||
| 100 | |a Streeter, Victor L. | ||
| 245 | 0 | |a Fluid mechanics | |
| 245 | 0 | |c Victor L. Streeter, E. Benjamin Wylie, Keith W. Bedford | |
| 260 | |a Boston | ||
| 260 | |b WCB/McGraw Hill | ||
| 260 | |c 1998 | ||
| 520 | |a In the revision of this very successful text, many changes have been made in scope, organization, and required prerequisite skills. The authors have increased the scope of the book to include heat and mass transport. BASIC programs have been removed and complex problem solutions are now presented in Microsoft Excel. There is also a new website that will contain substantial information on computing, principal files, and tutorials on the use of MatLab and Mathematica. | ||
| 526 | |a Động lực học sông, biển | ||
| 526 | |b CN643 | ||
| 650 | |a Fluid mechanics | ||
| 650 | |x Thủy động lực học | ||
| 904 | |i Trọng Hiếu | ||
| 980 | |a Trung tâm Học liệu Trường Đại học Cần Thơ | ||